00900nam a2200181 a 450000100100000000500170001000800410002704000250006808200150009310000380010824502660014626000350041230000210044750001110046804900090057995201130058899900170070100001569520200929164125.0100217s1915 dr 000 0 spa d aDO-SdBNPbspacBNPHU axxxbC172r1 aCamarena Perdomo, M. de J.93224210aRecopilación ordenada y sistematizada de las diferentes decisiones rendidas por el consejo superior de aduanas de la república, precedido de un brebe estudio sobre diferentes casos prácticos de la doctrina y la jurisprudencia /cM. de J. Camarena Perdomo. aSanto Domingo.fEscobarc1915. a169 p. ;c24 cm. aPublicada con los auspicios de la Honorable Cámara de Comercio, Industria y Agricultura de Santo Domingo aBNPD 0010718PDaPDbPDcCTd2010-02-17iLF1l0oxxx C172rp15695-10r2020-06-25w2020-06-25yLFPDZNo se presta c15247d15247